| 000 | 00000nam 2200000zi 4500 |
| 001 | 9.945495 |
| 003 | CaOODSP |
| 005 | 20241125110223 |
| 006 | m o d f |
| 007 | cr |n||||||||| |
| 008 | 241125t19931993onc ob f000 0 eng d |
| 020 | |z0662587820 |
| 040 | |aCaOODSP|beng|erda|cCaOODSP |
| 043 | |an-cn--- |
| 086 | 1 |aCP22-39/1993E-PDF|zCP22-39/1993 |
| 245 | 00|aResponsibility in the Constitution. |
| 264 | 1|a[Ottawa] : |bPrivy Council Office, |c[1993] |
| 264 | 4|c©1993 |
| 300 | |a1 online resource (94 pages) |
| 336 | |atext|btxt|2rdacontent |
| 337 | |acomputer|bc|2rdamedia |
| 338 | |aonline resource|bcr|2rdacarrier |
| 500 | |aDigitized edition from print [produced by Government of Canada Publications Directorate]. |
| 500 | |aIssued also in French under title: La responsabilité constitutionnelle. |
| 504 | |aIncludes bibliographical references. |
| 650 | 0|aMinisterial responsibility|zCanada. |
| 650 | 0|aExecutive departments|zCanada. |
| 650 | 0|aAdministrative responsibility|zCanada. |
| 651 | 0|aCanada|xPolitics and government. |
| 710 | 1 |aCanada. |bPrivy Council Office, |eissuing body. |
| 775 | 08|tLa responsabilité constitutionnelle.|w(CaOODSP)9.945504 |
| 856 | 40|qPDF|s3.93 MB|uhttps://publications.gc.ca/collections/collection_2024/bcp-pco/CP22-39-1993-eng.pdf |